Sports Quiz

Random Sports or City Quiz

+100,000 FBS cities Quiz Stats

 Plays Quiz not verified by Sporcle

Score 0/70 Timer 09:00
3 Plays Today
State City (metro) % Correct
CALos Angeles
92.5%
GAAtlanta
88.3%
OHColumbus
88.2%
FLMiami (U. Park, Coral Gables)
86.8%
TXHouston
85.1%
TXDallas (University Park)
84.2%
TXAustin
83.7%
WASeattle
83%
MABoston (+ Chestnut Hill)
81.9%
CASan Diego
80.9%
PAPittsburgh
80.7%
TNNashville
80.5%
OHCincinnati
79.2%
MIAnn Arbor
78.7%
LANew Orleans
77.9%
TNMemphis
77.7%
KYLouisville
77.5%
MNMinneapolis-St. Paul
77.5%
LABaton Rouge
77.3%
WIMadison
76.8%
PAPhiladelphia
76.3%
SCColumbia
74.7%
MOColumbia
74.7%
NVLas Vegas (Paradise*)
74.6%
NCRaleigh
74.5%
FLTallahassee
73.1%
IDBoise
72.3%
UTSalt Lake City
71.9%
NCCharlotte
71.3%
FLOrlando
71.3%
NYSyracuse
70.9%
TXSan Antonio
70.3%
NELincoln
70.3%
FLTampa
70%
ILChicago (Evanston)
69.7%
State City (metro) % Correct
TXEl Paso
69.3%
GAAthens
68.3%
TNKnoxville
68.2%
KYLexington
68%
NCDurham
67.4%
OHAkron
67.1%
NYBuffalo
66.9%
OREugene
66.8%
ALBirmingham
66%
CASan Jose
65.8%
AZTempe
65.5%
NMAlbuquerque
64.3%
TXFort Worth
64%
AZTucson
63.8%
OKTulsa
62.6%
OHToledo
61.1%
CAFresno
60.2%
OKNorman
60.1%
HIHonolulu
59.5%
COColorado Springs (El Paso County)
59.3%
NVReno
59.2%
FLGainesville
56.7%
INSouth Bend (Notre Dame)
53.6%
UTProvo
53.5%
TXWaco
52.7%
TXLubbock
51.5%
CABerkeley
48.6%
NCWinston-Salem
42.9%
COFort Collins
41%
LALafayette
40.7%
ALMobile
39.6%
VANorfolk
32.9%
NMLas Cruces
30.6%
TXDenton
28.2%
TNMurfreesboro
22.2%

You're not logged in!

Compare scores with friends on all Sporcle quizzes.
OR
Log In

Show Comments

Extras

Top Quizzes Today


Score Distribution

Your Account Isn't Verified!

In order to create a playlist on Sporcle, you need to verify the email address you used during registration. Go to your Sporcle Settings to finish the process.

Report this User

Report this user for behavior that violates our Community Guidelines.

Details: